marguerite - Paroles la fée - Statistiques

Statistiques générales
  • Ce quiz a été pris 36 fois
    35 depuis la dernière actualisation
  • Le résultat moyen est 269 sur 317
Statistiques - réponses
Hint Réponse % Correct
a
100%
à
100%
À
100%
D'
100%
d'
100%
de
100%
De
100%
Couplet 2 | Outro Un
100%
fée"
100%
fée
100%
l'
100%
"la
100%
la
100%
m'
100%
s'
100%
un
100%
Un
100%
ai
95%
en
95%
et
95%
Et
95%
être
95%
grande
95%
j'
95%
J'
95%
je
95%
Je
95%
me
95%
n'
95%
petit
95%
qu'
95%
que
95%
qui
95%
appelle
90%
beau
90%
bizarre
90%
ça
90%
ce
90%
Elle
90%
est
90%
jour
90%
le
90%
maman
90%
trop
90%
ailleurs,
86%
aime
86%
bien,
86%
bien
86%
Dans
86%
dans
86%
des
86%
Refrain Moi
86%
histoire
86%
les
86%
Les
86%
Refrain Moi
86%
moi,
86%
Ne
86%
ou
86%
pas
86%
peu
86%
plus
86%
préfère
86%
quoi
86%
sais
86%
sais,
86%
Si
86%
si
86%
une
86%
âge,
81%
aussi
81%
cette
81%
corps
81%
écoute
81%
envoler
81%
existe
81%
faire
81%
fées,
81%
il
81%
interdit ?
81%
Mais
81%
On
81%
on
81%
part
81%
raconte
81%
sert
81%
suis
81%
taire
81%
tard
81%
comment
76%
Depuis
76%
Couplet 1 Depuis
76%
droite
76%
éduquée
76%
jamais
76%
jolie
76%
mes
76%
montré
76%
petite
76%
petite,
76%
ami
71%
attends
71%
bobards
71%
deviens
71%
fais
71%
fleur
71%
galoche
71%
poussent,
71%
première
71%
sagement
71%
seins
71%
suffit
71%
tenir
71%
tête
71%
apprends
67%
brille
67%
caché
67%
demande
67%
foutue
67%
fuis
67%
gardé
67%
magie
67%
malpoli
67%
nue
67%
obéis
67%
paupières
67%
plaît
67%
sous
67%
trouver
67%
vais
67%
verra
67%
Baguette
62%
barrettes
62%
broches
62%
bruit
62%
Chagrin
62%
chagrin,
62%
ciel
62%
écarlates
62%
enlève
62%
fête
62%
Immense
62%
lèvres
62%
magique,
62%
nulle
62%
paillettes
62%
parfois
62%
poches
62%
sans
62%
sers
62%
voler,
62%
docile
57%
gâcher
57%
haut
57%
Battement
52%
cils
52%
lumière
52%
fardée,
48%
fanée,
43%
Aucun quiz correspondant
Distribution des résultats
% des personnes avec chaque résultat
Percentile par nombre de réponses
Votre historique - résultats
Vous n’avez pas pris ce quiz depuis la dernière actualisation